000
00276nam a2200109Ia 4500
008
210107s9999 xx 000 0 und d
100
_a
Kanungo, Shivraj
245
0
_a
Making Information Technology Work
260
_a
New Delhi
_b
Sage Publications
300
_a
430
942
_c
BK
999
_c
10389
_d
10389